Rutes guiades : Parc del Castell de Monstesquiu Parc del Castell de Monstesquiu
Descripción Física:
Fulletons : Il·lustracions ; 21 cm
Materias:
Parc del Castell de Montesquiu (Catalunya) -- Guies
; Parc del Castell de Montesquiu (Catalunya) -- Circuits turístics
; Fulletons
Idioma:
Catalán
MARC
| LEADER | 00000nam a22000007a 4500 | ||
|---|---|---|---|
| 001 | 23954, 23884, 25364, 25707, 25746, 25877, 26118, 26345, 27416, 28399 | ||
| 003 | Arxiu | ||
| 005 | 20260324181512.0 | ||
| 008 | 220502s2013 spa||||| |||| 00| 0 cat d | ||
| 017 | |a B 4042-2020 | ||
| 017 | |a B 3624-2015 | ||
| 017 | |a B 6980-2017 | ||
| 017 | |a B 4957-2019 | ||
| 017 | |a B 4364-2018 | ||
| 017 | |a B 3609-2022 | ||
| 017 | |a B 6369-2023 | ||
| 040 | |a agdb |b cat | ||
| 041 | |a cat | ||
| 110 | 1 | |9 52663 |a Parc del Castell de Montesquiu (Catalunya) | |
| 245 | |a Rutes guiades : |b Parc del Castell de Monstesquiu | ||
| 246 | 1 | 3 | |a Passejades guiades : |b marxa nòrdica |
| 246 | 1 | 3 | |a Rutes guiades : |b marxa nòrdica |
| 246 | 1 | 3 | |a Rutes guiades : |b Coneguem el nostre patrimoni natural |
| 260 | |a Barcelona : |b Diputació de Barcelona. Xarxa de Parcs Naturals ; |c 2013- | ||
| 300 | |a Fulletons : |b Il·lustracions ; |c 21 cm | ||
| 500 | |a Abans de 2015: Passejades guiades : marxa nòrdica | ||
| 610 | 1 | 0 | |9 52681 |a Parc del Castell de Montesquiu (Catalunya) |v Guies |
| 610 | 1 | 0 | |9 52708 |a Parc del Castell de Montesquiu (Catalunya) |x Circuits turístics |
| 655 | 0 | |9 55858 |a Fulletons | |
| 710 | 1 | |a Barcelona (Catalunya : Província). |b Xarxa de Parcs Naturals |9 7250 | |
| 710 | 1 | |a Barcelona (Catalunya : Província). |b Gerència de Serveis d’Espais Naturals |9 52730 | |
| 866 | |a 2013-2020 | ||
| 866 | |a 2022-2023 | ||
| 942 | |2 udc |n 1 |c ARXIU | ||
| 952 | |0 0 |1 0 |4 0 |7 1 |9 55890 |a Arxiu |b Arxiu |d 2023-04-18 |h 2013 |o FU-62-103 |p 23954 |r 2016-12-01 00:00:00 |w 2016-12-01 |y ARXIU | ||
| 952 | |0 0 |1 0 |4 0 |7 1 |9 55891 |a Arxiu |b Arxiu |d 2023-04-18 |h 2014 |o FU-62-60 |p 23884 |r 2016-12-01 00:00:00 |w 2016-12-01 |y ARXIU | ||
| 952 | |0 0 |1 0 |4 0 |6 FU6833 |7 1 |9 61438 |a Arxiu |b Arxiu |d 2022-05-02 |h 2020 |o FU-68-33 |p 25364 |r 2022-05-02 00:00:00 |w 2022-05-02 |y ARXIU | ||
| 952 | |0 0 |1 0 |4 0 |6 FU6987 |7 1 |9 62099 |a Arxiu |b Arxiu |d 2022-05-30 |h 2015 |o FU-69-87 |p 25707 |r 2022-05-30 00:00:00 |w 2022-05-30 |y ARXIU | ||
| 952 | |0 0 |1 0 |4 0 |6 FU7011 |7 1 |9 62136 |a Arxiu |b Arxiu |d 2022-06-01 |h 2016 |o FU-70-11 |p 25746 |r 2022-06-01 00:00:00 |w 2022-06-01 |y ARXIU | ||
| 952 | |0 0 |1 0 |4 0 |6 FU7049 |7 1 |9 62336 |a Arxiu |b Arxiu |d 2022-06-10 |h 2017 |l 0 |o FU-70-49 |p 25877 |r 2022-06-10 00:00:00 |w 2022-06-10 |y ARXIU | ||
| 952 | |0 0 |1 0 |4 0 |6 PDL |7 1 |9 62512 |a Arxiu |b Arxiu |d 2022-06-22 |h 2017 |l 0 |o PDL |p 26042 |r 2022-06-22 00:00:00 |w 2022-06-22 |y ARXIU | ||
| 952 | |0 0 |1 0 |4 0 |6 FU7143 |7 1 |9 62606 |a Arxiu |b Arxiu |d 2022-07-01 |h 2019 |l 0 |o FU-71-43 |p 26118 |r 2022-07-01 00:00:00 |w 2022-07-01 |y ARXIU | ||
| 952 | |0 0 |1 0 |4 0 |6 FU7226 |7 1 |9 63187 |a Arxiu |b Arxiu |d 2022-07-26 |h 2018 |l 0 |o FU-72-26 |p 26345 |r 2022-07-26 00:00:00 |w 2022-07-26 |y ARXIU | ||
| 952 | |0 0 |1 0 |2 udc |4 0 |7 1 |9 65357 |a Arxiu |b Arxiu |d 2023-02-28 |h 2022 |o FU-74-65 |p 27416 |r 2023-02-28 00:00:00 |w 2023-02-28 |y ARXIU | ||
| 952 | |0 0 |1 0 |4 0 |6 FU7647 |7 1 |9 96771 |a Arxiu |b Arxiu |d 2024-02-29 |h 2023 |l 0 |o FU-76-47 |p 28399 |r 2024-02-29 00:00:00 |w 2024-02-29 |y ARXIU | ||
| 999 | |c 81391 |d 81391 | ||